|
|
|
|
| LEADER |
00000nam a2200000 i 4500 |
| 001 |
DIGLKG0444 |
| 003 |
NyNyDIG |
| 006 |
m o d |
| 007 |
cr ||||||||||| |
| 008 |
211217s2021 sp o 000 0 spa d |
| 035 |
|
|
|a (OCoLC)1289490500
|
| 040 |
|
|
|a DGITA
|b eng
|e rda
|e pn
|c DGITA
|
| 020 |
|
|
|a 9788499539676
|q eBook
|
| 020 |
|
|
|z 9788498973686
|q rústica
|
| 043 |
|
|
|a nwcu---
|
| 050 |
1 |
4 |
|a JL1019.A535 ebook
|
| 100 |
1 |
|
|a Portuondo Linares, Serafín,
|e author.
|
| 245 |
1 |
4 |
|a Los independientes de color :
|b historia del Partido Independiente de Color /
|c Serafín Portuondo Linares.
|
| 246 |
3 |
0 |
|a Historia del Partido Independiente de Color
|
| 264 |
|
1 |
|a Barcelona :
|b linkgua-digital.com,
|c [2021]
|
| 300 |
|
|
|a 1 online resource.
|
| 336 |
|
|
|a text
|b txt
|2 rdacontent
|
| 337 |
|
|
|a computer
|b c
|2 rdamedia
|
| 338 |
|
|
|a online resource
|b cr
|2 rdacarrier
|
| 347 |
|
|
|a text file
|2 rdaft
|
| 347 |
|
|
|b EPUB
|
| 588 |
0 |
|
|a Online resource; title from ePUB title page (Digitalia, viewed December 17, 2021)
|
| 610 |
2 |
0 |
|a Partido Independiente de Color
|x History.
|
| 655 |
|
0 |
|a Electronic books.
|
| 791 |
2 |
|
|a Digitalia (Firm),
|e distributor.
|
| 793 |
0 |
|
|g Digitalia eBook Collection:
|a Linkgua
|
| 776 |
0 |
8 |
|i Print version:
|a Portuondo Linares, Serafín.
|t Independientes de color.
|d Barcelona : linkgua-digital.com, [2021]
|z 9788498973686
|
| 856 |
4 |
0 |
|3 Digitalia Hispánica
|u https://www.digitaliapublishing.com/a/81406/
|
| 910 |
|
|
|a Premium collection: 2021
|